000 00815nam0a22002651 4500
001 rc\264361
005 20250621000600.0
010 _a5-04-000166-5
_922000
035 _a(NLR Aleph) 005469685
090 _a5034231
_c5034231
100 _a20030307d1997 |||y0rusy50 ca
101 0 _arus
102 _aRU
105 _ay |||||||||
200 1 _aПраво на мечту
_eРоман
_fНора Робертс
_g[Пер. с англ. В. Пророковой]
210 _aМ.
_cЭКСМО-ПРЕСС
_d1997
215 _a391 с.
_d21
225 1 _aНаслаждение
300 _aЗагл. и авт. ориг.: Daring to dream / Nora Roberts
700 1 _aРобертс
_bН.
_gНора
801 0 _aRU
_bNLR
_gpsbo
801 1 _aRU
_bELAR
_2rusmarc
852 _aNLR
_j98-3/4133
942 _cBOOK
980 _aNB